Mejores 20 selecciones de la FIFA - Estadísticas

Estadísticas generales
  • Esta prueba ha sido intentada 262 veces
  • La puntuación promedio es 18 de 20
Estadísticas de respuestas
Region Pais % Correcto
ADS Argentina
100%
ADS Brasil
100%
EUO España
99%
EUO Francia
98%
EUO Alemania
97%
AFR Marruecos
97%
EUO Italia
96%
EUO Inglaterra
95%
EUO Portugal
95%
ADS Uruguay
95%
ADN México
94%
ADS Colombia
92%
EUO Paises Bajos
92%
EUO Belgica
91%
ADN Estados Unidos
91%
ASA Japon
90%
EUO Croacia
88%
AFR Senegal
82%
EUO Suiza
82%
EUO Dinamarca
71%
No se encontraron pruebas coincidentes
Distribución de puntuación
Porcentaje de gente con cada puntuación
Porcentaje por número respondido
Historial de tus puntuaciones
No has intentado esta prueba.